000 01146nam a22003017a 4500
001 BR8401444
003 BR-BrBNA
005 20230928091909.0
007 ta
008 230509b bl.||||| |||| 00| 0 por d
040 _aBR-BrBNA
_bpor
_cBiblioteca Nacional de Agricultura
041 _a(Por)
072 _aK50
_b8905
_b3240
_b/G514
090 _ 8905 BR8401444
100 1 _aCoutinho, A. dos R.
110 1 _aEscola Superior de Agricultura Luiz de Queiroz, Piracicaba, SP (Brasil)
_0Tese (Mestre em Agronomia)
245 1 _aQualidade do carvao vegetal correlacionada com as caracteristicas da madeira de Eucalyptus saligna e temperatura de carbonizacao [eucalipto, Brasil]
246 1 _aQuality of charcoal in relation to wood characteristics of Eucalyptus saligna and carbonization temperature [eucalipt, Brazil]
260 3 _aPiracicaba, SP (Brasil):
_c1984.
300 _a88 p.
500 _a17 illus.; 8 tables; Bibliography p. 69-76 (50 ref.); Summaries (Eng, Por)
650 _aCARVAO VEGETAL
650 _aEUCALIPTO
650 _aMADEIRA
650 _aCARBONIZACAO
909 _a202309
_bLucia
_c55
_dLucia Elande
942 _cBK
999 _c36092
_d36092